01723agaaa2200289 45000010005000000030009000050050017000140070009000310080040000400400023000800410013001031000048001161300030001642450169001942500022003632600139003853000035005245080130005595110093006895200379007825380009011615460013011706500069011837000060012527000057013127000064013690754IT-RoPAU20220918181232.0d cvaizq50131s9999||||xx ||| | || ||und|| aIT-RoPAUcIT-RoPAU aITALIANO aDamiani DamianogCodice regista SPICS: 7592 aGIORNO DELLA CIVETTA (IL) aGIORNO DELLA CIVETTA (IL)cSceneggiatura: Pirro Ugo Damiani Damiano -- Diretto da: Damiani DamianopGIORNO DELLA CIVETTA (IL) (Rif. Codice opera principale : V0754) aEdizione Standard aROMA - PARIGI (ITALIA)bPANDA CINEMAT. - LES FILM CORONA / Distribuzione: SPF FIRENZEg"1968 (1° ed.: 1993 ; Ed. Lingua Orig.: 1968)" a16MMbsonoro, col.c112 minuti a"Fotografia: Delli Colli Tonino; Montaggio: Baragli Nino; Musica: Fusco Giovanni; Sceneggiatura: Pirro Ugo Damiani Damiano; " a"Cardinale Claudia; Nero Franco; Cobb Lee; J.; Cimarosa Gaetano; Reggiani Serge; Balbo " a"IN UN PAESE SICILIANO VIENE UCCISO UN COSTRUTTORE EDILE; LA MAFIA VUOL FARPASSARE L'ASSASSINIO COME DELITTO D'ONORE, TANTO PIU' CHE DEL PRESUNTO COLPEVOLE NON SI TROVA ALCUNA TRACCIA. UN CAPITANO DEI CARABINIERI CERCA LE PROVE PER INCASTRARE UN POTENTE MAFIOSO, MA TROVA SOLO IL CADAVERE DI UN INFORMATORE. TUTTO FINISCE NEL NULLA. FILM A COLORI. PELLICOLA IN BUONO STATO." aMONO aITALIANO aDRAMMATICOePELLICOLE CINEMA [16 MM]xCodice MATERIA SPICS: 9955 aDamiani Damiano e(regista)gCodice regista SPICS: 7592 aFusco Giovannie(musica)gCodice Musica SPICS: 22982 aSciascia Leonardo e(soggetto)gCodice Soggetto SPICS: 1415